000
00289nam a22001337a 4500
008
170504b xxu||||| |||| 00| 0 eng d
020
_a
0314238751
041
_a
eng
080
_2
2ND
_a
342
100
_a
14
101
_a
SHJ
245
_a
ADMINISTRATIVE LAW
_c
AMAN, A.C
942
_2
udc
_c
BK
999
_c
12655
_d
12655